Представление документа в формате RUSMARC

ПолеНазваниеЗначение
  Тип записи a
  Библиографический уровень m
001 Контрольный номер RU\NLR\BIBL_A\011923834
005 Дата корректировки 20230707133310.1
010 Индекс ISBN __
a ISBN 978-5-17-110127-5
9 Тираж 4000
d Цена 385-77
021 № государственной регистрации __
a Код страны RU
b № документа 2018-99681
035 Другие системные номера __
a Идентификатор записи (RuMoRGB)009849002
100 Данные общей обработки __
a Данные общей обработки 20190130d2018 u y0rusy0189 ca
101 Язык документа 1_
a Язык текста rus
c Язык оригинала eng
102 Страна публикации __
a Страна публикации RU
105 Кодированные данные (монография) __
a Кодированные данные (монография) y|||z|||000аy
200 Заглавие и сведения об ответственности 1_
a Заглавие Темные отражения. В лучах заката
e Сведения, относящиеся к заглавию [роман]
f Первые сведения об ответственности Александра Бракен
g Последующие сведения об ответственности [пер. с англ. М. Кармановой]
210 Выходные данные 1_
a Место издания Москва
c Издательство АСТ
d Дата издания 2019
215 Физическое описание __
a Объем 605, [2] с.
d Формат 21
300 Общие примечания __
a Общие примечания На обл.: Смотри фильм - читай книгу!
333 Примечание о целевом назначении __
a Примечание о целевом назначении 16+
517 Другие варианты заглавия 1_
a Другие варианты заглавия В лучах заката
606 Тематические рубрики __
a Основная рубрика Художественная литература
606 Тематические рубрики __
a Основная рубрика Литература Америки (произведения)
610 Ключевые слова 0_
a Ключевые слова американская литература
a Ключевые слова романы
686 Индексы других классификаций __
a Индекс ББК 84(7Сое)6-4
v Номер издания LBC/SL
2 Код системы rubbk
700 Автор _1
a Фамилия Бракен
b Имя А.
f Даты 1987-
g Полное личное имя Александра
3 Контрольный № нормативной записи RU\NLR\AUTH\770153997
801 Источник записи _0
a Страна RU
b Организация NLR
c Дата составления 20190130
g Правила каталогизации RCR
801 Источник записи _1
a Страна RU
b Организация NLR
c Дата составления 20190130
2 Код формата rusmarc
801 Источник записи _2
a Страна RU
b Организация NLR
c Дата составления 20190208
2 Код формата rusmarc
801 Источник записи _2
a Страна RU
b Организация Центральная районная библиотека им. Г. А. Пирожникова
852 Данные о местонахождении __
j Шифр хранения 84(7Сое)6
i Авторский знак Б 873
901 Тип документа __
t Тип документа m
902 Роль лиц __
b Редактор БЗ ОКиО/Струналь